000 00225 a2200097 4500
001 18227
100 _aThomson, W T
245 _aVibration theory & applications
260 _a
_bGeorge Allen & Unwin
_c
090 _c13521
_d13521
942 _aNUST-CAE
_cM
_c3916
999 _c253300
_d253300